KOHA-Header-6

Islamic Banking (Record no. 2695)

000 -LEADER
fixed length control field 00335nam a2200145Ia 4500
003 - CONTROL NUMBER IDENTIFIER
control field OSt
005 - DATE AND TIME OF LATEST TRANSACTION
control field 20190914193613.0
008 - FIXED-LENGTH DATA ELEMENTS--GENERAL INFORMATION
fixed length control field 190902s9999||||xx |||||||||||||| ||und||
040 ## - CATALOGING SOURCE
Transcribing agency MAJU
100 ## - MAIN ENTRY--PERSONAL NAME
Personal name Shahid Hasan Siddiqui
245 #0 - TITLE STATEMENT
Title Islamic Banking
260 ## - PUBLICATION, DISTRIBUTION, ETC. (IMPRINT)
Place of publication, distribution, etc India
Name of publisher, distributor, etc Royal Book Company
Date of publication, distribution, etc 2012
300 ## - PHYSICAL DESCRIPTION
Extent 124
942 ## - ADDED ENTRY ELEMENTS (KOHA)
Koha item type Books
Source of classification or shelving scheme
Holdings
Withdrawn status Lost status Source of classification or shelving scheme Damaged status Not for loan Collection code Permanent Location Current Location Shelving location Date acquired Total Checkouts Barcode Date last seen Date checked out Price effective from Koha item type
          Banking MAJU MAJU Shelf No.A45 2019-09-02 2 6343 2025-06-05 2023-11-21 2019-09-02 Banking

Powered by Koha